All the UEFA Champions League Runners-Up - Estadísticas

Estadísticas generales
  • Esta prueba ha sido intentada 89 veces
    26 desde el último reinicio
  • La puntuación promedio es 58 de 69
Estadísticas de respuestas
año Runner-Up % Correcto
1968-69 Ajax
100%
1995-96 Ajax
100%
1973-74 Atlético Madrid
100%
2013-14 Atlético Madrid
100%
2015-16 Atlético Madrid
100%
1960-61 Barcelona
100%
1985-86 Barcelona
100%
1993-94 Barcelona
100%
2012-13 Borussia Dortmund
100%
2023-24 Borussia Dortmund
100%
1966-67 Inter Milan
100%
1971-72 Inter Milan
100%
2022-23 Inter Milan
100%
1972-73 Juventus
100%
1982-83 Juventus
100%
1996-97 Juventus
100%
1997-98 Juventus
100%
2002-03 Juventus
100%
2014-15 Juventus
100%
2016-17 Juventus
100%
1984-85 Liverpool
100%
2006-07 Liverpool
100%
2017-18 Liverpool
100%
2021-22 Liverpool
100%
2020-21 Manchester City
100%
1957-58 Milan
100%
1992-93 Milan
100%
1994-95 Milan
100%
2004-05 Milan
100%
2019-20 Paris Saint-Germain
100%
2018-19 Tottenham
100%
2005-06 Arsenal
96%
1981-82 Bayern Munich
96%
1986-87 Bayern Munich
96%
1998-99 Bayern Munich
96%
2009-10 Bayern Munich
96%
2011-12 Bayern Munich
96%
2008-09 Manchester United
96%
2010-11 Manchester United
96%
2003-04 Mónaco
96%
1999-00 Valencia
96%
2000-01 Valencia
96%
2001-02 Bayer Leverkusen
92%
1962-63 Benfica
88%
1964-65 Benfica
88%
1967-68 Benfica
88%
1987-88 Benfica
88%
1989-90 Benfica
88%
2007-08 Chelsea
88%
1969-70 Celtic
83%
1961-62 Real Madrid
83%
1963-64 Real Madrid
83%
1980-81 Real Madrid
83%
1983-84 Roma
71%
1991-92 Sampdoria
67%
1956-57 Fiorentina
63%
1955-56 Stade de Reims
63%
1958-59 Stade de Reims
63%
1970-71 Panathinaikos
58%
1959-60 Eintracht Frankfurt
54%
1978-79 Malmö
50%
1990-91 Olympique Marseille
46%
1965-66 Partizan
46%
1976-77 Borussia Mönchengladbach
38%
1975-76 Saint-Étienne
38%
1974-75 Leeds United
29%
1977-78 Club Brugge
25%
1979-80 Hamburger
17%
1988-89 Steaua Bucuresti
13%
No se encontraron pruebas coincidentes
Distribución de puntuación
Porcentaje de gente con cada puntuación
Porcentaje por número respondido
Historial de tus puntuaciones
No has intentado esta prueba desde el último reinicio